000 00384 a2200145 4500
001 168670
020 _a
040 _cMagnum
100 _aAgencia Regional de Noticias
240 1 0 _aClipping em educacao - 04/09/00 a 10/09/00 - ano ii - nº 55
_lpor
245 1 0 _aClipping em educacao - 04/09/00 a 10/09/00 - ano ii - nº 55
362 0 _a1899
697 _aENSINO
942 _cBK
999 _c168670
_d168670